Brotato Weapons - Statistics

General Stats
  • This quiz has been taken 35 times
  • The average score is 23 of 75
Answer Stats
Weapon Class % Correct
SMG Gun
83%
Pistol Gun
74%
Sword Blade, Medieval
70%
Hand Unarmed,Support
61%
Minigun Heavy Gun
61%
Rock Primitive, Blunt
61%
Fist Unarmed
57%
Knife Precise
57%
Medical Gun Medical, Gun
52%
Revolver Gun
52%
Rocket Launcher Heavy, Explosive
52%
Stick Primitive
52%
Laser Gun Gun
48%
Spear Primitive
48%
Ghost Axe Ethereal
43%
Screwdriver Tool
43%
Taser Support, Elemental
43%
Torch Primitive, Elemental
43%
Wand Elemental
43%
Anchor Naval, Heavy
39%
Crossbow Precise, Medieval
39%
Excalibur Legendary, Blade
39%
Flamethrower Elemental, Heavy
39%
Ghost Flint Ethereal
39%
Pruner Support
39%
Wrench Tool
39%
Cacti Club Primitive, Heavy
35%
Ghost Scepter Ethereal
35%
Harpoon Gun Naval, Gun
35%
Icicle Precise, Elemental
35%
DEX-troyer Legendary, Explosive
30%
Fireball Explosive, Elemental
30%
Flute Musical
30%
Hammer Blunt, Heavy
30%
Lute Musical, Support
30%
Scissors Precise, Medical
30%
Slingshot Primitive
30%
Sniper Gun Gun, Precise
30%
Blunderbuss Naval, Gun
26%
Captain's Sword Naval, Blade
26%
Circular Saw Blade, Medical
26%
Claw Unarmed, Precise
26%
Double Barrel Shotgun Gun
26%
Nuclear Launcher Heavy, Explosive
26%
Obliterator Gun, Heavy
26%
Scythe Legendary, Ethereal
26%
Shredder Gun, Explosive
26%
Shuriken Precise
26%
Brick Blunt
22%
Chain Gun Legendary, Gun
22%
Chainsaw Blade, Tool
22%
Lightning Shiv Precise, Elemental
22%
Quarterstaff Primitive, Medieval
22%
Sickle Support
22%
Drill Legendary, Precise
17%
Flaming Brass Knuckles Unarmed, Elemental
17%
Plank Explosive, Elemental
17%
Power Fist Unarmed, Explosive
17%
Thunder Sword Blade, Elemental
17%
Chopper Blade
13%
Gatling Laser Legendary, Heavy
13%
Javelin Primitive
13%
Jousting Lance Medieval
13%
Mace Heavy, Medieval
13%
Potato Thrower Support
13%
Trident Naval, Medieval
13%
War Hammer Blunt, Heavy
13%
Grenade Launcher Heavy, Explosive
9%
Particle Accelerator Heavy, Elemental
9%
Plasma Sledge Elemental, Explosive
9%
Sharp Tooth Primitive, Precise
9%
Spiky Shield Medieval, Blunt
9%
Spoon Blunt
9%
Hatchet Primitive
4%
Hiking Pole Support
4%
No matching quizzes found
Score Distribution
Percent of People with Each Score
Percentile by Number Answered
Your Score History
You have not taken this quiz